000 00588nam a22002177a 4500
005 20251108175050.0
008 250721s2010 xx 000 0 eng d
020 _a9789957376079
082 1 4 _aJ/F/GRO
100 1 _aGROCE, JEAN
245 1 0 _aJoe's Problem /
264 1 _aamman :
_bal-rowad for publishing & distribution,
_c2010.
300 _a8 P.
490 0 _aLITTLE READER : DARE @ SHARE
650 1 7 _aCHILDREN
650 1 7 _afiction english
650 1 7 _afiction
653 _aمرحلة اطفال متوسطة (6-9) سنوات
942 _2ddc
_cBK
999 _c125310
_d125310